Central Library OPAC University of Rajshahi

Deficit financing and capital formation : (Record no. 43544)

MARC details
000 -LEADER
fixed length control field 00695cam a2200229 a 4500
001 - CONTROL NUMBER
control field 43544
003 - CONTROL NUMBER IDENTIFIER
rucl marc code BD-RjUL
005 - DATE AND TIME OF LATEST TRANSACTION
control field 20211209053719.0
008 - FIXED-LENGTH DATA ELEMENTS--GENERAL INFORMATION
fixed length control field 160623s1962 pk b 000 0 eng d
035 ## - SYSTEM CONTROL NUMBER
System control number (BD-RjUL)43662
System control number 409377
040 ## - CATALOGING SOURCE
Original cataloging agency ANL
Language of cataloging eng
Transcribing agency ANL
041 ## - LANGUAGE CODE
Language code of text/sound track or separate title eng
082 04 - DEWEY DECIMAL CLASSIFICATION NUMBER
Classification number 352.15491
Edition number 20
Author mark and year HAD 1962
100 1# - MAIN ENTRY--PERSONAL NAME
Personal name Hasan, Parvez.
9 (RLIN) 133769
245 10 - TITLE STATEMENT
Title Deficit financing and capital formation :
Remainder of title the Pakistan experience 1951-59 /
Statement of responsibility, etc. Parvez Hasan.
260 ## - PUBLICATION, DISTRIBUTION, ETC. (IMPRINT)
Place of publication, distribution, etc. Karachi :
Name of publisher, distributor, etc. Institute of Development Economics,
Date of publication, distribution, etc. 1962.
300 ## - PHYSICAL DESCRIPTION
Pagination 97 p. :
Illustrations ill. ;
Size 22 cm.
504 ## - BIBLIOGRAPHY, ETC. NOTE
Bibliography, etc Bibliography: p. 91-97.
650 #0 - SUBJECT ADDED ENTRY--TOPICAL TERM
Topical term or geographic name as entry element Deficit financing
Geographic subdivision Pakistan.
9 (RLIN) 133083
942 ## - ADDED ENTRY ELEMENTS (KOHA)
Source of classification or shelving scheme Dewey Decimal Classification
Koha item type Books
Holdings
Lost status Source of classification or shelving scheme Damaged status Not for loan Collection code Permanent Location Current Location Shelving location Date acquired Source of acquisition Cost, normal purchase price Total Checkouts Full call number Date last seen Copy number Koha item type
  Dewey Decimal Classification     Non-fiction Central Library, University of Rajshahi Central Library, University of Rajshahi   07/07/1967 Zeithlinger 5.00   352.15491 HAD 1962 23/06/2016 C-2 Books
  Dewey Decimal Classification     Non-fiction Central Library, University of Rajshahi Central Library, University of Rajshahi   07/07/1967 Zeithlinger 5.00   352.15491 HAD 1962 23/06/2016 C-3 Books
  Dewey Decimal Classification   Not For Loan Non-fiction Central Library, University of Rajshahi Central Library, University of Rajshahi Reading Room 22/06/1965 N/A 5.00   352.15491 HAD 1962 21/01/2017 C-1 Books